=LDR 00000nam 2200000 4500 =001 INLIS000000000006705 =005 20130612094819 =008 ***********************************Ind** =035 ##$$0010-061300000006705 =041 ##$$a Ind =082 ##$$a 070.435 =090 ##$$a 070.435, Map s =100 ##$$a Mappatoto, Andi Baso =245 ##$$a cet.1 =260 ##$$a 1993 $b Jakarta =300 ##$$a xi, 148 hlm., 21 cm =650 ##$$a Pers =850 ##$$a NBPNMAT